| 000 | 00553nam a22001937a 4500 | ||
|---|---|---|---|
| 008 | 151110b xxu||||| |||| 00| 0 eng d | ||
| 020 | _a0072957115 (softcover : alk. paper) | ||
| 041 | 0 | _aeng | |
| 080 | _a316.77 | ||
| 100 | 1 | _aRodman, George R., | |
| 245 | 1 | 0 |
_aMass media in a changing world : _cGeorge Rodman. |
| 250 | _a1st ed. | ||
| 260 |
_aNew York : _bMcGraw-Hill, _c2006. |
||
| 300 |
_axxviii, 593 f. : _bme il.; _c28 cm. + |
||
| 650 | 0 | _aKomunikim | |
| 650 | 0 | _aMedia | |
| 650 | 0 | _aMasiv | |
| 942 |
_2udc _cBK |
||
| 999 |
_c1354 _d1354 |
||